[Event "ARG-ch sf U2300 Grau Memorial"]
[Site "Jesus Maria"]
[Date "2018.03.31"]
[Round "5.4"]
[White "Figueroa, Jorge"]
[Black "Baudagna, Rodrigo"]
[Result "1-0"]
[WhiteElo "1604"]
[BlackElo "1541"]
[PlyCount "65"]
[EventDate "2018.03.30"]
[EventType "swiss"]
[EventRounds "6"]
[EventCountry "ARG"]
[SourceTitle "EXT 2024"]
[Source "ChessBase"]
[SourceDate "2023.10.10"]
[SourceVersion "1"]
[SourceVersionDate "2023.10.10"]
[SourceQuality "1"]

1. e4 c5 2. Nf3 g6 3. d4 cxd4 4. Nxd4 Bg7 5. Be3 Nc6 6. Bc4 Nf6 7. Nc3 Qa5 8. 0-0 0-0 9. f4 d6 10. h3 Qb6 11. Qd3 Qd8 12. Rad1 Na5 13. f5 Nxc4 14. Qxc4 a6 15. Qb3 Rb8 16. e5 dxe5 17. Ne6 Bxe6 18. Rxd8 Bxb3 19. Rxf8+ Rxf8 20. axb3 Rd8 21. Bc5 Kf8 22. g4 Ke8 23. g5 Nd5 24. Ne4 b6 25. Ba3 Nf4 26. f6 Bf8 27. h4 h6 28. gxh6 Bxh6 29. fxe7 Bg7 30. exd8Q+ Kxd8 31. Rd1+ Kc7 32. Nd6 Kc6 33. Nxf7 1-0

[Event "ARG-ch sf U2300 Grau Memorial"]
[Site "Jesus Maria"]
[Date "2018.03.30"]
[Round "1.3"]
[White "Tornquist, Carlos"]
[Black "Figueroa, Jorge"]
[Result "1-0"]
[WhiteElo "1862"]
[BlackElo "1604"]
[PlyCount "69"]
[EventDate "2018.03.30"]
[EventType "swiss"]
[EventRounds "6"]
[EventCountry "ARG"]
[SourceTitle "EXT 2024"]
[Source "ChessBase"]
[SourceDate "2023.10.10"]
[SourceVersion "1"]
[SourceVersionDate "2023.10.10"]
[SourceQuality "1"]

1. e4 e5 2. Nf3 Nc6 3. Bb5 Nf6 4. Qe2 d6 5. d4 Bd7 6. d5 Nb8 7. Nc3 Be7 8. h3 c6 9. dxc6 bxc6 10. Bc4 h6 11. Be3 Be6 12. Bxe6 fxe6 13. 0-0-0 0-0 14. Nxe5 Qe8 15. Ng4 Nbd7 16. Qc4 Qf7 17. Qxc6 Nxg4 18. Qxd7 Nxe3 19. fxe3 Rfd8 20. Qb7 Rdb8 21. Qa6 Rb6 22. Qd3 Bf6 23. Rhf1 Qc7 24. Rxf6 gxf6 25. Nd5 exd5 26. Qxd5+ Kg7 27. Qxa8 Rc6 28. c3 Qb6 29. Kc2 Qa6 30. Rd4 Qe2+ 31. Rd2 Qc4 32. Qxa7+ Kg6 33. Qd4 Qxa2 34. e5 Qa8 35. exd6 1-0

[Event "ARG-ch Amateur U1700"]
[Site "Suipacha"]
[Date "2017.11.17"]
[Round "2.9"]
[White "Machicado, Francisco"]
[Black "Figueroa, Jorge"]
[Result "0-1"]
[WhiteElo "1498"]
[BlackElo "1630"]
[PlyCount "122"]
[EventDate "2017.11.17"]
[EventType "swiss"]
[EventRounds "9"]
[EventCountry "ARG"]
[SourceTitle "EXT 2024"]
[Source "ChessBase"]
[SourceDate "2023.10.10"]
[SourceVersion "1"]
[SourceVersionDate "2023.10.10"]
[SourceQuality "1"]

1. c4 c5 2. Nc3 Nc6 3. g3 g6 4. Bg2 Bg7 5. Rb1 Nf6 6. d3 0-0 7. e3 d6 8. Nge2 Bd7 9. 0-0 Qc8 10. Nf4 e5 11. Nfd5 Bh3 12. a3 Bxg2 13. Kxg2 Qd7 14. b4 Nxd5 15. Nxd5 Ne7 16. Qf3 Nxd5 17. Qxd5 cxb4 18. axb4 Qc6 19. Qxc6 bxc6 20. b5 Rfb8 21. Ba3 c5 22. Bb2 a6 23. bxa6 Rxa6 24. Bc3 Rab6 25. Ra1 Rb3 26. Rfc1 f5 27. Ra6 R3b6 28. Rxb6 Rxb6 29. Kf3 Kf7 30. e4 Ke6 31. Ke3 f4+ 32. gxf4 Bh6 33. Ra1 Bxf4+ 34. Ke2 g5 35. h3 h5 36. Ra8 Rb3 37. Be1 Rb2+ 38. Kf3 Rb1 39. Ba5 Rh1 40. Re8+ Kf7 41. Rd8 Rxh3+ 42. Ke2 Ke7 43. Bc7 Rh2 44. Rxd6 g4 45. Rh6 Bxh6 46. Bxe5 Rh1 47. d4 cxd4 48. Bxd4 Rc1 49. c5 Kd7 50. Kd3 h4 51. Ke2 h3 52. Be5 Rxc5 53. Bg3 Ke6 54. Kf1 Rc1+ 55. Ke2 Bg7 56. f3 h2 57. Bxh2 Rc2+ 58. Ke3 Rxh2 59. fxg4 Ke5 60. Kf3 Rh3+ 61. Kg2 Rb3 0-1

[Event "ARG-ch sf U1700 La Falda Turistica"]
[Site "La Falda"]
[Date "2017.10.28"]
[Round "1.3"]
[White "San Sebastian, Luz"]
[Black "Figueroa, Jorge"]
[Result "0-1"]
[WhiteElo "1296"]
[BlackElo "1630"]
[PlyCount "48"]
[EventDate "2017.10.28"]
[EventType "swiss"]
[EventRounds "6"]
[EventCountry "ARG"]
[SourceTitle "EXT 2024"]
[Source "ChessBase"]
[SourceDate "2023.10.10"]
[SourceVersion "1"]
[SourceVersionDate "2023.10.10"]
[SourceQuality "1"]

1. d4 e6 2. Nf3 d5 3. Bf4 Bd6 4. Bxd6 Qxd6 5. Nc3 Nf6 6. Qd3 a6 7. e4 dxe4 8. Nxe4 Nxe4 9. Qxe4 Nc6 10. c3 0-0 11. Ng5 f5 12. Qh4 h6 13. Nf3 b5 14. g4 Qf4 15. Bd3 Qxf3 16. Rg1 Qxd3 17. gxf5 exf5 18. Rg3 Re8+ 19. Re3 Rxe3+ 20. fxe3 Qxe3+ 21. Kf1 Bb7 22. Re1 Qf3+ 23. Kg1 Nxd4 24. Qf2 Qh1# 0-1

[Event "Falcon Garcia Memorial 9th"]
[Site "Falcon"]
[Date "2014.11.07"]
[Round "2"]
[White "Figueroa, Jorge"]
[Black "Ramones Hoggins, Luis Coromoto"]
[Result "1-0"]
[WhiteElo "2012"]
[BlackElo "1707"]
[PlyCount "57"]
[EventDate "2014.11.06"]
[EventType "swiss"]
[EventRounds "7"]
[EventCountry "VEN"]
[SourceTitle "CBM 163 Extra"]
[Source "ChessBase"]
[SourceDate "2014.12.23"]
[SourceVersion "1"]
[SourceVersionDate "2014.12.23"]
[SourceQuality "1"]

1. e4 d6 2. d4 g6 3. c4 Bg7 4. Nc3 Nc6 5. Be3 e5 6. d5 Nce7 7. Rc1 b6 8. Qd2 f5 9. f4 fxe4 10. fxe5 Nf5 11. e6 Nxe3 12. Qxe3 Bh6 13. Qf2 Qf6 14. Rc2 e3 15. Qxf6 Nxf6 16. Be2 a6 17. Nh3 Ke7 18. 0-0 Rf8 19. b4 Bb7 20. g4 Ng8 21. Bf3 Bg7 22. Ng5 Rf4 23. Ne2 Raf8 24. Nxf4 Rxf4 25. Be2 Rxf1+ 26. Kxf1 Nf6 27. Bf3 h6 28. Ne4 Nh7 29. c5 1-0

[Event "Cali op-C"]
[Site "Cali"]
[Date "2008.12.27"]
[Round "3"]
[White "Vargas, Jose Robinson"]
[Black "Figueroa, Jorge"]
[Result "1-0"]
[WhiteElo "1702"]
[BlackElo "1600"]
[PlyCount "58"]
[EventDate "2008.12.26"]
[EventType "swiss"]
[EventRounds "9"]
[EventCountry "COL"]
[SourceTitle "EXT 2011"]
[Source "ChessBase"]
[SourceDate "2010.11.26"]
[SourceVersion "1"]
[SourceVersionDate "2010.11.26"]
[SourceQuality "1"]

1. e4 e5 2. Nf3 Nc6 3. Bc4 Nf6 4. Ng5 d5 5. exd5 Nxd5 6. Nxf7 Kxf7 7. Qf3+ Qf6 8. Bxd5+ Ke8 9. c3 Qxf3 10. Bxf3 Nd8 11. 0-0 Bf5 12. Re1 e4 13. Bxe4 Bxe4 14. Rxe4+ Kd7 15. d4 Ne6 16. Nd2 Bd6 17. Nf3 Rhe8 18. Bd2 c5 19. Rae1 cxd4 20. cxd4 h6 21. Ne5+ Bxe5 22. dxe5 Nc5 23. Rd4+ Ke6 24. Bb4 Na6 25. Rd6+ Kf5 26. Bc3 Nc5 27. h3 Ne4 28. g4+ Kf4 29. Rd4 Kxe5 1-0